Kejadian Adam dan tipu daya iblis
| Main Author: | Alias Samsudin |
|---|---|
| Published: |
Batu Caves:
Crescent News (KL) Sdn Bhd,
2004.
|
| Subjects: |
| LEADER | 00586cam a2200193 7i4500 | ||
|---|---|---|---|
| 001 | 0000011490 | ||
| 005 | 20081127090000.0 | ||
| 020 | |a 9830612848 | ||
| 020 | |a 9830612848 (pbk.) | ||
| 050 | 0 | 0 | |a BP133.7 ALI 2004 |
| 090 | 0 | 0 | |a BP133.7.A3 |b A47 2004 |
| 100 | 0 | |a Alias Samsudin | |
| 245 | 1 | 0 | |a Kejadian Adam dan tipu daya iblis |c Alias Samsudin. |
| 260 | |a Batu Caves: |b Crescent News (KL) Sdn Bhd, |c 2004. | ||
| 300 | |a 143 p.; |c 20 cm. | ||
| 600 | 0 | 0 | |a Adam, |c Prophet |
| 650 | 0 | 0 | |a Devil -- |x Islam |
| 650 | 0 | 0 | |a Prophets, Pre-Islamic |
| 999 | |a 0000014271 |b BOK |c OPEN SHELF |e 1st Floor, Bestari Jaya | ||


